Planificación y control de la producción en la división industrial del Instituto Clodomiro Picado
Gardado en:
| Autor Principal: | |
|---|---|
| Outros autores: | , , |
| Formato: | Libro |
| Idioma: | Spanish |
| Publicado: |
[San José , Costa Rica]
2017
|
| Materias: | |
| Etiquetas: |
Engadir etiqueta
Sen Etiquetas, Sexa o primeiro en etiquetar este rexistro!
|
MARC
| LEADER | 00000nam a22000007a 4500 | ||
|---|---|---|---|
| 003 | 012625 | ||
| 005 | 20240209144412.0 | ||
| 008 | 170914b2017 cr a|||| m||||00| ||spa d | ||
| 040 | |c cru CEDI | ||
| 100 | |a Alfaro Bolaños, Luis Gustavo, 1992- |9 2420 | ||
| 245 | |a Planificación y control de la producción en la división industrial del Instituto Clodomiro Picado | ||
| 260 | |a [San José , Costa Rica] |c 2017 | ||
| 300 | |a xv,236 hojas; ilustraciones a color | ||
| 500 | |a Proyecto de graduación (licenciatura en ingeniería industrial)--Universidad de Costa Rica. Facultad de Ingeniería. Escuela de Ingeniería Industrial | ||
| 501 | |a Director de Proyecto de Graduación M. M.Sc. Ing. José Roig Zamora | ||
| 610 | 0 | |a UNIVERSIDAD DE COSTA RICA. INSTITUTO CLODOMIRO PICADO |9 2424 | |
| 610 | 0 | |a Universidad de Costa Rica. Instituto Clodomiro Picado - PRODUCCION - PLANIFICACION |9 2425 | |
| 650 | |x CONTROL DE LA PRODUCCION - PLANIFICACION |x ADMINISTRACION DE LA PRODUCCION |x COSTOS DE PRODUCCION |x PLANIFICACION DE LA PRODUCCION |9 9877 | ||
| 700 | |a Camacho Solís, Paula Rebeca, 1992- |9 2422 | ||
| 700 | |a Rojas Elizondo, Oscar Daniel, 1991- |9 2421 | ||
| 700 | |a Roig Zamora, José Francisco, 1978- |d Director del TFG |9 311 | ||
| 942 | |c TFG |h TFG 7776 |i 012625 |6 TFG_7776_012625000000000 | ||
| 999 | |c 18995 |d 18995 | ||
